[Event "Moscow Open E 2012"]
[Site "Moscow RUS"]
[Date "2012.01.31"]
[Round "4"]
[White "Padmini,R"]
[Black "Kashlinskaya,A"]
[Result "1-0"]
[WhiteElo "2383"]
[BlackElo "2389"]

1.e4 c5 2.Nf3 d6 3.d4 cxd4 4.Nxd4 Nf6 5.Nc3 Nc6 6.Bg5 e6 7.Qd2 a6 8.O-O-O Bd7
9.f4 b5 10.Bxf6 gxf6 11.Kb1 b4 12.Nce2 Qb6 13.h4 a5 14.Rh3 a4 15.Re3 Na5
16.Nc1 Rc8 17.g3 Bg7 18.g4 a3 19.bxa3 bxa3+ 20.Ncb3 Rc5 21.Rc3 O-O 22.Rxc5 dxc5
23.Qxa5 Qxa5 24.Nxa5 cxd4 25.Rxd4 Rb8+ 26.Nb3 Be8 27.Rd1 Rb4 28.Rd8 Kf8 29.c3 Rb6
30.Kc2 Ke7 31.Ra8 Bc6 32.Ra7+ Ke8 33.Bd3 Bf8 34.c4 Bb4 35.Kd1 Rb7 36.Ra6 Bd7
37.g5 Ke7 38.Ke2 fxg5 39.hxg5 f6 40.gxf6+ Kxf6 41.e5+ Kg7 42.c5 Rc7 43.Rb6 Bc3
44.Be4 h5 45.c6 Bc8 46.Rb7  1-0

[Event "Gibraltar Open"]
[Site "Caleta ENG"]
[Date "2012.02.01"]
[Round "9.50"]
[White "Freuler,R"]
[Black "Dukaczewski,P"]
[Result "0-1"]
[WhiteElo "2077"]
[BlackElo "2344"]

1.e4 c5 2.Nf3 Nc6 3.d4 cxd4 4.Nxd4 Nf6 5.Nc3 d6 6.Bg5 e6 7.Qd2 a6 8.O-O-O Bd7
9.f3 Be7 10.h4 h6 11.Be3 h5 12.Nxc6 Bxc6 13.Bf4 Qb6 14.Bxd6 O-O-O 15.e5 Ne8
16.Qf4 Nxd6 17.exd6 Bf6 18.Bc4 Rd7 19.Bb3 Rhd8 20.Rd3 Qc5 21.Rhd1 Be5 22.Qc4 Qxc4
23.Bxc4 b5 24.Bb3 Bxd6 25.Ne4 Bf4+ 26.Kb1 Rxd3 27.Rxd3 Rxd3 28.cxd3 Kc7 29.Kc2 Be5
30.a3 Kb6 31.Kc1 a5 32.Bc2 f5 33.Nc3 Bg3 34.Bb3 Bd7 35.Ne2 Bxh4 36.d4 Bf6
37.Kd2 g5 38.Ke3 h4 39.Bc2 a4 40.Bd3 Bc6 41.Kf2 Ka5 42.Ke3 b4 43.Bc4 bxa3
44.Bxe6 f4+ 45.Kd3 Bb5+ 46.Kd2 axb2 47.Ba2 Bc4  0-1

[Event "Gibraltar Open"]
[Site "Caleta ENG"]
[Date "2012.02.02"]
[Round "10.31"]
[White "Dvirnyy,D"]
[Black "Vojinovic,J"]
[Result "1-0"]
[WhiteElo "2492"]
[BlackElo "2359"]

1.e4 c5 2.Nf3 d6 3.d4 cxd4 4.Nxd4 Nf6 5.Nc3 Nc6 6.Bg5 e6 7.Qd2 Qb6 8.Bxf6 gxf6
9.Nb3 Bd7 10.f4 O-O-O 11.Be2 h5 12.Rf1 Be7 13.O-O-O Rdg8 14.Bf3 Na5 15.Qe2 Nxb3+
16.axb3 Qa5 17.Kb1 Kb8 18.Rd4 Rc8 19.Rfd1 Bc6 20.Nd5 Bd8 21.Ne3 Bb5 22.c4 Be8
23.Nc2 Be7 24.f5 h4 25.Bg4 Qe5 26.h3 Rc6 27.Ne1 Bd7 28.b4 Bc8 29.Nf3 Qg3
30.R4d3 Rc7 31.Ng5 Qf4 32.Nxf7 Rg8 33.g3 hxg3 34.Rf1 Qxf1+ 35.Qxf1 g2 36.Qxg2 exf5
37.Nh6 fxe4 38.Nxg8 exd3 39.Nxe7 Rxe7 40.Bxc8 Kxc8  1-0

[Event "Gibraltar Open"]
[Site "Caleta ENG"]
[Date "2012.02.02"]
[Round "10.37"]
[White "Fier,A"]
[Black "Peek,Mar"]
[Result "1/2-1/2"]
[WhiteElo "2603"]
[BlackElo "2354"]

1.e4 c5 2.Nf3 d6 3.d4 cxd4 4.Nxd4 Nf6 5.Nc3 Nc6 6.Bg5 e6 7.Qd2 Nxd4 8.Qxd4 Bd7
9.O-O-O Qa5 10.f4 Be7 11.Kb1 Bc6 12.Bd3 Rd8 13.Qf2 h6 14.Bh4 g5 15.Bg3 Ng4
16.Qe2 gxf4 17.Bxf4 Ne5 18.Qh5 Qc5 19.Qh3 Rd7 20.Rhf1 Bf8 21.Be3 Qa5 22.Ne2 Kd8
23.Nf4 Kc8 24.Nh5 Kb8 25.Bd4 Rc7 26.Qe3 Rg8 27.Bc3 Qa4 28.Qd2 Nxd3 29.cxd3 Rg5
30.Nf6 Bg7 31.Rc1 Rg6 32.g3 Bxf6 33.Bxf6 Bb5 34.e5 Rxc1+ 35.Rxc1 d5 36.Be7 Rg8
37.Ka1 Qd4 38.Qa5 Qb6 39.Qc3 Bd7 40.Bc5 Qb5 41.Qa3 Qa4 42.Qxa4 Bxa4 43.Bd6+ Ka8
44.Rc7 Bb5 45.d4 Bd3 46.Rxf7 b6 47.a4 a5 48.Rf3 Bc2 49.b3 Bf5 50.Rc3 Rg4
51.h3 Rxd4 52.g4 Be4 53.Rc8+ Kb7 54.Rc7+ Ka8 55.Rc8+  1/2-1/2

[Event "TCh-CAT 2012"]
[Site "Catalunya ESP"]
[Date "2012.02.05"]
[Round "2.5"]
[White "Escandell,J"]
[Black "Sanchez Ibern,M"]
[Result "1-0"]
[WhiteElo "2273"]
[BlackElo "2368"]

1.e4 c5 2.Nf3 d6 3.d4 Nf6 4.Nc3 cxd4 5.Nxd4 Nc6 6.Bg5 Bd7 7.Qd2 Rc8 8.f3 Nxd4
9.Qxd4 Qa5 10.h4 a6 11.O-O-O e6 12.Kb1 Be7 13.g4 O-O 14.Qd2 Kh8 15.Be3 b5
16.g5 Nh5 17.Bh3 f5 18.exf5 exf5 19.Rhe1 Rc4 20.Bd4 Bd8 21.Qh2 Bc7 22.Bf1 Rb4
23.a3 Rxb2+ 24.Kxb2 b4 25.axb4 Qxb4+ 26.Ka1 Bc6 27.Na2 Qa4 28.Qe2 Bd5 29.Bxg7+ Nxg7
30.Rxd5 Ba5 31.Rxa5 Qxa5 32.c3 Qa4 33.Qc4 Qc2 34.Qe2 Qa4 35.Qxa6 Qxh4 36.Rb1 Ne8
37.Rb8 Qe1+ 38.Kb2 Qd2+ 39.Ka3 Kg7 40.Qe2 Qxg5 41.Rxe8 Rf7 42.Qg2  1-0

[Event "Moscow Open 2012 A"]
[Site "Moscow RUS"]
[Date "2012.02.05"]
[Round "9.49"]
[White "Tsydypov,Z"]
[Black "Ulko,J"]
[Result "0-1"]
[WhiteElo "2321"]
[BlackElo "2476"]

1.e4 c5 2.Nf3 d6 3.d4 cxd4 4.Nxd4 Nf6 5.Nc3 Nc6 6.Bg5 e6 7.Qd2 Be7 8.O-O-O Nxd4
9.Qxd4 O-O 10.f3 a6 11.Kb1 b5 12.Qd2 b4 13.Bxf6 Bxf6 14.Ne2 Qa5 15.Nc1 Rd8
16.Bc4 Qc5 17.Qd3 a5 18.f4 Bb7 19.g4 Rac8 20.Bb5 Bxe4 21.Qxe4 Qxb5 22.g5 Be7
23.Nb3 Bf8 24.Nd4 Qc4 25.h4 g6 26.b3 Qc5 27.h5 d5 28.Qe2 Bg7 29.Nf3 a4 30.Ne5 Rc7
31.hxg6 hxg6 32.Rh2 axb3 33.cxb3 Rdc8 34.Qd2 Qc3 35.Qxc3 Rxc3 36.Nd7 Rf3
37.Nf6+ Kf8 38.Rd4 Rf1+ 39.Kb2 Ke7 40.Rxb4 Bxf6+ 41.gxf6+ Kxf6 42.a4 Rcc1
43.a5 Ra1 44.Rb5 Kf5 45.b4 Ke4 46.Rb7 d4 47.Kb3 Rxf4 48.Rd7 e5 49.Kc4 Ke3
50.Rh3+ Ke2 51.Kc5 g5 52.Kb6 Rf6+ 53.Ka7 Ra4 54.Rb3 Kd2 55.Re7 d3 56.Rc7 e4
57.Rb2+ Kd1 58.b5 Rxa5+ 59.Kb7 d2  0-1

[Event "11th Aeroflot Open B"]
[Site "Moscow RUS"]
[Date "2012.02.07"]
[Round "1"]
[White "Oparin,G"]
[Black "Yuffa,D"]
[Result "1-0"]
[WhiteElo "2466"]
[BlackElo "2323"]

1.e4 c5 2.Nf3 Nc6 3.d4 cxd4 4.Nxd4 Nf6 5.Nc3 d6 6.Bg5 a6 7.Qd2 Nxd4 8.Qxd4 Qa5
9.Bd2 e5 10.Qd3 Be6 11.Nd5 Qd8 12.c4 Nxd5 13.cxd5 Bd7 14.Qa3 Be7 15.Bd3 O-O
16.O-O f5 17.Qb4 fxe4 18.Bxe4 b5 19.Be3 a5 20.Qd2 Qe8 21.Rac1 Bd8 22.Rc6 Bxc6
23.dxc6 Bc7 24.Qd3 Qh5 25.Qxb5 Rab8 26.Qd5+ Kh8 27.b3 Rf6 28.Qd3 Rd8 29.Bd5 Re8
30.Qe4 Ref8 31.a3 Qe8 32.Qh4 Qb8 33.f3 Bb6 34.Qf2 Bxe3 35.Qxe3 Rf4 36.Be4 Qb5
37.Rd1 R4f6 38.Bd5 Rc8 39.a4 Qb4 40.Rc1 Rc7 41.Rc4 Qb8 42.Rh4 h6 43.Rc4 Rf8
44.h3 Ra7 45.Kh1 Rc7 46.Rg4 Rf6 47.Qc3 Qa7 48.b4 axb4 49.Rxb4 Rc8 50.Qc4 Qe3
51.Qg4 Rcf8 52.Rb7 g5 53.c7 Qc1+ 54.Kh2 Rf4 55.Qd7 R4f7 56.Qxf7 Rxf7 57.Rb8+ Kg7
58.c8=Q  1-0

[Event "11th Aeroflot Open B"]
[Site "Moscow RUS"]
[Date "2012.02.09"]
[Round "3"]
[White "Deepan,C"]
[Black "Filipenko,A"]
[Result "1-0"]
[WhiteElo "2495"]
[BlackElo "2351"]

1.e4 c5 2.Nf3 d6 3.d4 cxd4 4.Nxd4 Nf6 5.Nc3 Nc6 6.Bg5 e6 7.Qd2 Qb6 8.Nb3 a6
9.O-O-O Be7 10.f3 O-O 11.g4 Rd8 12.Be3 Qc7 13.g5 Nd7 14.h4 b5 15.g6 b4 16.gxf7+ Kxf7
17.Ne2 Nc5 18.Kb1 a5 19.Nbd4 Ne5 20.Nf4 Rb8 21.Rg1 Bf8 22.Qh2 Bd7 23.Nh5 Na4
24.Qf4+ Kg8 25.Nf6+ Kh8 26.Qh6  1-0

[Event "11th Aeroflot Open B"]
[Site "Moscow RUS"]
[Date "2012.02.09"]
[Round "3"]
[White "Matinian,N"]
[Black "Bakre,T"]
[Result "1/2-1/2"]
[WhiteElo "2438"]
[BlackElo "2509"]

1.e4 c5 2.Nf3 d6 3.d4 cxd4 4.Nxd4 Nf6 5.Nc3 Nc6 6.Bg5 e6 7.Qd2 Be7 8.O-O-O O-O
9.f4 Nxd4 10.Qxd4 Qa5 11.e5 dxe5 12.Qxe5 Qxe5 13.fxe5 Nd5 14.Bxe7 Nxe7 15.Bd3 b6  1/2-1/2

[Event "TCh-FIN SM-Liiga 2011-12"]
[Site "Joensuu FIN"]
[Date "2012.02.11"]
[Round "8.6"]
[White "Myller,J"]
[Black "Paakkonen,T"]
[Result "1/2-1/2"]
[WhiteElo "2124"]
[BlackElo "2277"]

1.e4 c5 2.Nf3 d6 3.d4 cxd4 4.Nxd4 Nf6 5.Nc3 Nc6 6.Bg5 e6 7.Qd2 a6 8.O-O-O Bd7
9.f4 b5 10.Nxc6 Bxc6 11.Qe3 Be7 12.e5 Nd5 13.Nxd5 Bxd5 14.Bxe7 Qxe7 15.Kb1 O-O
16.Bd3 Rad8 17.Rhf1 Bc4 18.Bxc4 bxc4 19.Qa3 Qb7 20.exd6 Qxg2 21.Rg1 Qc6 22.f5 exf5
23.Rxg7+ Kxg7 24.Qg3+ Kf6 25.Qh4+ Ke5 26.Qe7+ Kf4 27.Rf1+ Qf3 28.Qh4+ Ke3
29.Re1+ Kd2 30.Rc1 Ke3 31.Re1+ Kd2 32.Rc1  1/2-1/2

[Event "11th Aeroflot Open B"]
[Site "Moscow RUS"]
[Date "2012.02.15"]
[Round "9"]
[White "Kerigan,D"]
[Black "Filipenko,A"]
[Result "1/2-1/2"]
[WhiteElo "2184"]
[BlackElo "2351"]

1.e4 c5 2.Nf3 d6 3.d4 cxd4 4.Nxd4 Nf6 5.Nc3 Nc6 6.Bg5 e6 7.Qd2 Qb6 8.Nb3 a6
9.O-O-O Be7 10.f3 Qc7 11.Kb1 b5 12.h4 h6 13.Be3 Ne5 14.Qf2 Rb8 15.Bd3 h5
16.Qg3 Bd7 17.Qxg7 Rg8 18.Qh6 Rg6 19.Qh8+ Rg8 20.Qh6 Rg6 21.Qh8+ Rg8 22.Qh6 Rg6
23.Qh8+  1/2-1/2

[Event "TCh-CAT 2012"]
[Site "Catalunya ESP"]
[Date "2012.02.18"]
[Round "4.3"]
[White "Cuadras Avellana,Jo"]
[Black "Jerez Perez,A"]
[Result "1/2-1/2"]
[WhiteElo "2316"]
[BlackElo "2409"]

1.e4 c5 2.Nf3 d6 3.d4 cxd4 4.Nxd4 Nf6 5.Nc3 Nc6 6.Bg5 e6 7.Qd2 Be7 8.O-O-O Nxd4
9.Qxd4 O-O 10.f3 Bd7 11.h4 Bc6 12.Kb1 d5 13.e5 Nd7 14.Bxe7 Qxe7 15.f4 Qc5
16.g3 Qxd4 17.Rxd4 f6 18.exf6 Nxf6 19.Bh3 Rae8 20.Re1 Ne4 21.Nxe4 dxe4 22.Rdd1 g6
23.Re3 e5 24.fxe5 Rxe5 25.Rde1 Rf2 26.b3 Kg7 27.Kb2 g5 28.h5 Kh6 29.Bg4 Kg7
30.Rd1 Rc5 31.Be2 g4 32.Rh1 Kh6 33.c4 Rxh5 34.Rxh5+ Kxh5 35.Kc3 Kg5 36.b4 b6
37.b5 Bb7 38.Kd2 Rf7 39.Rc3 Rc7 40.Ke3 h5 41.Rc1 Bc8 42.Rd1 Be6 43.Rd4 h4
44.gxh4+ Kxh4 45.Rxe4 Bf5  1/2-1/2

[Event "TCh-CAT 2012"]
[Site "Catalunya ESP"]
[Date "2012.02.18"]
[Round "4.5"]
[White "Escandell,J"]
[Black "Aloma Vidal,R"]
[Result "0-1"]
[WhiteElo "2273"]
[BlackElo "2431"]

1.e4 c5 2.Nf3 d6 3.d4 cxd4 4.Nxd4 Nf6 5.Nc3 Nc6 6.Bg5 e6 7.Qd2 a6 8.O-O-O Be7
9.f3 Nxd4 10.Qxd4 b5 11.Kb1 Bb7 12.h4 Rc8 13.Qd2 Qc7 14.Bd3 O-O 15.g4 b4
16.Ne2 d5 17.e5 Ne4 18.Qe1 Rfe8 19.Bxe7 Qxe7 20.Nd4 Nc5 21.Qxb4 Rb8 22.Qa5 Rec8
23.g5 Bc6 24.Rhe1 Bb5 25.Bxb5 axb5 26.Qb4 Qa7 27.Nb3 Ra8 28.a3 Na4 29.Nd4 Rc4
30.Nxb5 Rxb4  0-1

[Event "US Amateur Team-ch East"]
[Site "Parsippany USA"]
[Date "2012.02.18"]
[Round "2"]
[White "Allen,E"]
[Black "Shetty,A"]
[Result "0-1"]
[WhiteElo "2173"]
[BlackElo "2121"]

1.e4 c5 2.Nf3 d6 3.d4 cxd4 4.Nxd4 Nf6 5.Nc3 Nc6 6.Bg5 e6 7.Qd2 Be7 8.O-O-O Nxd4
9.Qxd4 a6 10.f4 b5 11.Kb1 Bb7 12.Be2 Rc8 13.Bf3 Rc4 14.Qd3 h6 15.Bh4 Qc7
16.Bg3 Nd7 17.Bf2 O-O 18.Ne2 Rc8 19.Rc1 Nf6 20.Ng3 d5 21.e5 Ne4 22.Bxe4 dxe4
23.Qe2 Bd5 24.c3 b4 25.Bd4 bxc3 26.Rxc3 Qa5 27.a3 Rxc3 28.Bxc3 Qa4 29.Qc2 Qc4  0-1

[Event "32nd TCh-IND w 2012"]
[Site "Panaji IND"]
[Date "2012.03.02"]
[Round "5"]
[White "Soumya,Sw"]
[Black "Kiran,M"]
[Result "1/2-1/2"]
[WhiteElo "2280"]
[BlackElo "2210"]

1.e4 c5 2.Nf3 Nc6 3.d4 cxd4 4.Nxd4 Nf6 5.Nc3 d6 6.Bg5 e6 7.Qd2 Be7 8.O-O-O Nxd4
9.Qxd4 O-O 10.f4 Qa5 11.Bc4 Bd7 12.e5 dxe5 13.fxe5 Bc6 14.Bd2 Nd7 15.Nd5 Qd8
16.Nxe7+ Qxe7 17.Rhe1 Nb6 18.Bf1 Rfd8 19.Qg4 Qc5 20.Qb4 Qf2 21.Qf4 Qxf4 22.Bxf4 Rxd1+
23.Rxd1 Nd5 24.Bd2 b5 25.b3 f6 26.exf6 gxf6 27.Re1 Kf7 28.Be2 e5 29.g4 Rg8
30.h3 a6 31.c4 Nf4 32.Bxf4 exf4 33.cxb5 axb5 34.Rf1 Re8 35.Bd1 Bg2 36.Rxf4 Bxh3
37.g5 Rc8+ 38.Kb2 f5 39.Rh4 Bg2 40.Rh6 Rc6 41.Rxh7+ Kg6 42.Rh8 Bd5 43.Rb8 Be4
44.Rg8+  1/2-1/2

[Event "83rd ch-GER 2012"]
[Site "Osterburg GER"]
[Date "2012.03.03"]
[Round "2"]
[White "Mueller,Oli"]
[Black "Scheider,J"]
[Result "0-1"]
[WhiteElo "2327"]
[BlackElo "2275"]

1.e4 c5 2.Nf3 d6 3.d4 cxd4 4.Nxd4 Nf6 5.Nc3 Nc6 6.Bg5 e6 7.Qd2 a6 8.O-O-O Bd7
9.f4 b5 10.Bxf6 gxf6 11.f5 h5 12.Kb1 Bh6 13.Qf2 b4 14.Nce2 e5 15.Nxc6 Bxc6
16.Qf3 h4 17.Nc1 Ke7 18.Bc4 Qb6 19.Rhe1 a5 20.Qh5 Raf8 21.Qe2 Bf4 22.Qd3 Rd8
23.g3 hxg3 24.hxg3 Bg5 25.Nb3 Rh2 26.Nd2 Rg2 27.Re2 Rxe2 28.Qxe2 Qe3 29.Qxe3 Bxe3
30.Bd5 Bxd5 31.exd5 Rg8 32.Nc4 Rxg3 33.Nxa5 Bc5 34.a3 bxa3 35.b4 Bf2 36.Rf1 Rf3
37.Nb3 Rxf5 38.Nd2 Rf4 39.Ka2 f5 40.Kxa3 e4  0-1

[Event "83rd ch-GER 2012"]
[Site "Osterburg GER"]
[Date "2012.03.04"]
[Round "3"]
[White "Scheider,J"]
[Black "Lubbe,N"]
[Result "1/2-1/2"]
[WhiteElo "2275"]
[BlackElo "2429"]

1.e4 c5 2.Nf3 d6 3.d4 cxd4 4.Nxd4 Nf6 5.Nc3 Nc6 6.Bg5 Qb6 7.Be3 a6 8.Qd2 Ng4
9.Na4 Qc7 10.Nxc6 Qxc6 11.Nb6 Rb8 12.Nxc8 Rxc8 13.Bd3 g6 14.O-O Bg7 15.c3 O-O
16.h3 Ne5 17.Rad1 Nxd3 18.Qxd3 Qa4 19.Qb1 Qc4 20.Bd4 Bxd4 21.Rxd4 Qe6 22.Rfd1 Rc5
23.Rd5 Rc4 24.f3 f5 25.exf5 gxf5 26.Qd3 Rh4 27.c4 Qg6 28.Kf1 Rf7 29.Rd2 b6
30.b3 Rh5 31.Qd4 Qg3 32.Qxb6 Rg5 33.Qf2 Qh2 34.c5 dxc5 35.Qxc5 h6 36.Qg1 Qg3
37.Qd4 Kh7 38.Qe5 f4 39.Qe4+ Rg6 40.Rf5 Rxf5 41.Qxf5 Qh2 42.Qf7+ Rg7 43.Qf5+ Rg6
44.Qc5 Re6 45.Qf5+  1/2-1/2

[Event "1st Annual ch-ACE"]
[Site "Tempe USA"]
[Date "2012.03.04"]
[Round "5"]
[White "Molner,M"]
[Black "Mohandesi,S"]
[Result "1-0"]
[WhiteElo "2465"]
[BlackElo "2164"]

1.e4 c5 2.Nf3 Nc6 3.d4 cxd4 4.Nxd4 Nf6 5.Nc3 d6 6.Bg5 e6 7.Qd2 a6 8.O-O-O Bd7
9.f3 Be7 10.h4 b5 11.Nxc6 Bxc6 12.g4 O-O 13.Bd3 b4 14.Ne2 Qa5 15.Kb1 Bb5
16.Nd4 Bxd3 17.Nc6 Bxc2+ 18.Qxc2 Qc7 19.f4 Rfc8 20.Rc1 Bf8 21.Bxf6 gxf6 22.g5 Bg7
23.Ne7+ Qxe7 24.Qxc8+ Rxc8 25.Rxc8+ Bf8 26.gxf6 Qa7 27.Rhc1 h5 28.Rxf8+ Kh7
29.f5 exf5 30.exf5 Qd7 31.Ka1 Qxf5 32.Rxf7+ Kg6 33.Rf8 Qf2 34.Rg8+ Kh6 35.Rh8+ Kg6
36.Rg8+ Kh6 37.Ra8 Qxf6 38.Rxa6 Qd4 39.Rac6 Kg6 40.R6c4 Qd2 41.R4c2 Qd4 42.Rf1 Qd5
43.Rcf2 Qd4 44.Rf4 Qd2 45.Rf6+ Kg7 46.Rf7+ Kg8 47.R7f5 Qe2 48.Rg1+ Kh7 49.Rd5 b3
50.a3 Qf3 51.Rxd6 Qf2 52.Rd7+ Kh6 53.Rc1 Qf6 54.Rb7 Kg6 55.Rxb3 Qf2 56.Rb4 Kf5
57.Rcc4 Ke5 58.Rb5+ Kd6 59.Ka2 Qe2 60.Rbc5 Qf3 61.Rc6+ Kd7 62.a4 Qd5 63.Rc7+ Kd6
64.Rc6+ Kd7 65.Rc5 Qg8 66.a5 Kd6 67.Ka3 Qg3+ 68.Ka4 Qe1 69.b4 Qa1+ 70.Kb5 Qh1
71.a6 Qa8  1-0

[Event "83rd ch-GER 2012"]
[Site "Osterburg GER"]
[Date "2012.03.08"]
[Round "7"]
[White "Meissner,F"]
[Black "Scheider,J"]
[Result "0-1"]
[WhiteElo "2258"]
[BlackElo "2275"]

1.e4 c5 2.Nf3 d6 3.d4 cxd4 4.Nxd4 Nf6 5.Nc3 Nc6 6.Bg5 e6 7.Qd2 a6 8.O-O-O Bd7
9.f4 b5 10.Bxf6 gxf6 11.f5 Nxd4 12.Qxd4 Bh6+ 13.Kb1 Bf4 14.fxe6 fxe6 15.Ne2 Be5
16.Qd3 Qc7 17.g3 Qc5 18.Bh3 Ke7 19.Rhf1 a5 20.Nf4 Qb4 21.c3 Qc4 22.Qxc4 bxc4
23.Rfe1 Rab8 24.Kc1 Rb5 25.Re3 Rg8 26.Ne2 Rg6 27.Bf1 Rc5 28.Nd4 Be8 29.Rd2 Bf7
30.Nc2 Rg8 31.Kb1 h5 32.Na3 d5 33.exd5 exd5 34.Nc2 h4 35.Nd4 hxg3 36.hxg3 Bg6+
37.Kc1 Be4 38.Bg2 Rxg3 39.Rxe4 dxe4 40.Nf5+ Ke6 41.Nxg3 Bxg3 42.Rd4 f5 43.Bf1 Ke5
44.Rxc4 Rd5 45.a4 f4 46.b4 axb4 47.cxb4 f3 48.Rc5 Rxc5+ 49.bxc5 Be1 50.Ba6 Ba5
51.Bb7 Kf4 52.Kd1 e3 53.Ba6 Kg3  0-1

[Event "6th Agzamov Memorial"]
[Site "Tashkent UZB"]
[Date "2012.03.08"]
[Round "3"]
[White "Ziatdinov,R"]
[Black "Guseinov,G"]
[Result "0-1"]
[WhiteElo "2368"]
[BlackElo "2616"]

1.e4 c5 2.Nf3 Nc6 3.d4 cxd4 4.Nxd4 Nf6 5.Nc3 d6 6.Bg5 Bd7 7.Bxf6 gxf6 8.Be2 Rg8
9.g3 Rc8 10.O-O Nxd4 11.Qxd4 Qa5 12.Rfe1 Qc5 13.Qd3 h5 14.Rad1 h4 15.Kg2 Bh6
16.Bf3 Bf4 17.Nd5 hxg3 18.hxg3 Bh3+ 19.Kh1 Qxf2 20.Nxf4 Rh8  0-1

[Event "TCh-CAT 2012"]
[Site "Catalunya ESP"]
[Date "2012.03.10"]
[Round "7.5"]
[White "Trepat Herranz,J"]
[Black "Lillo Castay,V"]
[Result "1/2-1/2"]
[WhiteElo "2325"]
[BlackElo "2287"]

1.e4 c5 2.Nf3 d6 3.d4 cxd4 4.Nxd4 Nf6 5.Nc3 Nc6 6.Bg5 e6 7.Qd2 a6 8.O-O-O Bd7
9.f3 Be7 10.h4 h6 11.Be3 h5 12.Nxc6 Bxc6 13.Bg5 Qc7 14.Kb1 Rc8 15.Bd3 O-O
16.Ne2 Rfd8 17.Nf4 d5 18.e5 Ne4 19.fxe4 dxe4 20.Bxe7 Qxe7 21.Nxh5 exd3 22.cxd3 Rd4
23.Qf2 Rg4 24.Nf4 Ba4 25.Rd2 Qb4 26.d4 Bc6 27.Re2 Bb5 28.Rd2 Bc6 29.Re2 Bb5
30.Rd2  1/2-1/2

[Event "ch-Moscow Final 2012"]
[Site "Moscow RUS"]
[Date "2012.03.10"]
[Round "1"]
[White "Krivoborodov,E"]
[Black "Tilicheev,V"]
[Result "1-0"]
[WhiteElo "2514"]
[BlackElo "2366"]

1.e4 c5 2.Nf3 d6 3.d4 cxd4 4.Nxd4 Nf6 5.Nc3 Nc6 6.Bg5 e6 7.Qd2 Bd7 8.O-O-O a6
9.f4 h6 10.Bh4 Nxe4 11.Qe1 Nf6 12.Nf5 Qa5 13.Nxd6+ Bxd6 14.Rxd6 Qc7 15.Qd2 O-O-O
16.Be2 Ne7 17.Rd1 Nf5 18.Bxf6 gxf6 19.Rd3 Bc6 20.g3 Rxd3 21.Qxd3 Rd8 22.Qxd8+ Qxd8
23.Rxd8+ Kxd8 24.Kd2 Ke7 25.Bg4 Nd6 26.b3 f5 27.Bh5 Ne4+ 28.Nxe4 Bxe4 29.c4 f6
30.Bg6 Bg2 31.c5 a5 32.Kc3 Bf1 33.Bh5 Bg2 34.Kd4 Bd5 35.Be2 a4 36.bxa4 Bxa2
37.Bf3 Kd7 38.Bxb7 Kc7 39.Bf3 Bb3 40.a5 Ba4 41.a6 Bc6 42.Bxc6 Kxc6 43.Ke3 Kc7
44.Kf3 h5 45.h3 e5 46.fxe5 fxe5 47.g4  1-0

[Event "TCh-SVK Extraliga 2011-12"]
[Site "Slovakia SVK"]
[Date "2012.03.10"]
[Round "10.5"]
[White "Stockova,Z"]
[Black "Banas,J"]
[Result "1-0"]
[WhiteElo "2360"]
[BlackElo "2318"]

1.e4 c5 2.Nf3 d6 3.d4 cxd4 4.Nxd4 Nf6 5.Nc3 Nc6 6.Bg5 e6 7.Qd2 a6 8.O-O-O Bd7
9.f4 h6 10.Bh4 Be7 11.Nf3 Rc8 12.Kb1 b5 13.Bxf6 gxf6 14.f5 Qb6 15.Ne2 Ne5
16.Nf4 Nc4 17.Bxc4 bxc4 18.c3 Bc6 19.Rhe1 e5 20.Nd5 Qc5 21.Qe2 a5 22.Nh4 h5
23.g3 Ba4 24.Rd2 Rh6 25.Ng2 Bf8 26.Nge3 Bd7 27.g4 h4 28.Nxf6+ Rxf6 29.g5 Bc6
30.Ng4 Bg7 31.gxf6 Bf8 32.Qe3 Qb5 33.Qf2 Qb7 34.Qe2 Bb5 35.Rd5 Rb8 36.Rd2 a4
37.Ka1 Qa6 38.a3 Bc6 39.Ne3 Qb7 40.Qxc4 Bh6 41.Rg2 Bxe4 42.Rg8+ Bf8 43.Qxa4+ Bc6
44.Qc2 Qb5 45.Qd2 Kd7 46.Rd1 Qc5 47.Rxf8 Rxf8 48.b4  1-0

[Event "6th Agzamov Memorial"]
[Site "Tashkent UZB"]
[Date "2012.03.10"]
[Round "5"]
[White "Ziatdinov,R"]
[Black "Baymuradova,S"]
[Result "1-0"]
[WhiteElo "2368"]
[BlackElo "2086"]

1.e4 c5 2.Nf3 Nc6 3.d4 cxd4 4.Nxd4 Nf6 5.Nc3 d6 6.Bg5 Bd7 7.Qd2 Rc8 8.O-O-O Nxd4
9.Qxd4 Qa5 10.f4 Bc6 11.Be2 Qc5 12.Qxc5 dxc5 13.e5 Ne4 14.Nxe4 Bxe4 15.Bb5+ Bc6
16.Bxc6+ Rxc6 17.f5 f6 18.Bf4 fxe5 19.Bxe5 Rg8 20.Rhe1 g6 21.f6 Re6 22.Bd6 Rxf6
23.Bxc5 b6 24.Bd6 Rf2 25.g4 Kf7 26.Bg3 Bh6+ 27.Kb1 Rd2 28.Rf1+ Ke8 29.c4 Rxd1+
30.Rxd1 Rf8 31.Bb8 Rf2 32.Bxa7 Bg7 33.Rd8+ Kf7 34.b3 Rb2+ 35.Kc1 Rxa2 36.Bxb6 Rxh2
37.Rd3 Rg2 38.c5 Be5 39.c6 Rxg4 40.c7 Bxc7 41.Bxc7 h5 42.Kc2 Rb4 43.Kc3 Rb7
44.Bf4 Ke6 45.Bg5 Kf5 46.Rg3 e5 47.b4 Rc7+ 48.Kb3 Rh7 49.Bh4 Rg7 50.b5 e4
51.b6 Kf4 52.Rc3 Rb7 53.Bg3+ Kg4 54.Bc7 h4 55.Kc4 g5  1-0

[Event "ch-CZE U20 2012"]
[Site "Kouty nad Desnou CZE"]
[Date "2012.03.11"]
[Round "3"]
[White "Rabatin,J"]
[Black "Kraus,To"]
[Result "0-1"]
[WhiteElo "2159"]
[BlackElo "2142"]

1.e4 c5 2.Nf3 d6 3.d4 cxd4 4.Nxd4 Nf6 5.Nc3 Nc6 6.Bg5 Bd7 7.Be2 Rc8 8.Bxf6 gxf6
9.Nb3 Rg8 10.g3 Ne5 11.Qd4 a5 12.O-O-O f5 13.f4 Nc6 14.Qe3 Bg7 15.e5 a4 16.Nxa4 Nb4
17.Nc3 dxe5 18.Bb5 exf4 19.Qxf4 Nc6 20.Nc5 Bxc3 21.Nxd7 Qa5 22.Bxc6 bxc6
23.bxc3 Qxa2 24.Qxf5 Qa3+ 25.Kd2 Rd8 26.Ke2 Rg6 27.Nc5 Rgd6 28.Rxd6 Rxd6
29.Qc8+ Rd8 30.Qxc6+ Kf8 31.Rf1 Kg8 32.Ne4 Qa2 33.Rc1 Qb2 34.Qc7 Rd5 35.Qc8+ Kg7
36.Qg4+ Kf8 37.Qf4 Qb5+ 38.Ke3 Re5 39.c4 Qa5 40.Kf2 Rf5 41.Qxf5 Qxf5+ 42.Ke3 Qe5
43.Kd3 f5  0-1

[Event "ch-CZE U20 2012"]
[Site "Kouty nad Desnou CZE"]
[Date "2012.03.12"]
[Round "5"]
[White "Bures,J"]
[Black "Krejci,Jan2"]
[Result "1/2-1/2"]
[WhiteElo "2405"]
[BlackElo "2486"]

1.e4 c5 2.Nf3 d6 3.d4 cxd4 4.Nxd4 Nf6 5.Nc3 Nc6 6.Bg5 e6 7.Qd2 a6 8.O-O-O Nxd4
9.Qxd4 Be7 10.f4 b5 11.Be2 Bb7 12.Bf3 O-O 13.e5 Bxf3 14.gxf3 dxe5 15.Qxe5 Nd7
16.Bxe7 Qxe7 17.Qc7 Rfd8 18.Rd2 Rac8 19.Qa7 Ra8 20.Qc7  1/2-1/2

[Event "ch-URU 2012"]
[Site "Montevideo URU"]
[Date "2012.03.12"]
[Round "4"]
[White "Michailov,M"]
[Black "Larrea,M"]
[Result "1-0"]
[WhiteElo "2134"]
[BlackElo "2306"]

1.e4 c5 2.Nf3 Nc6 3.d4 cxd4 4.Nxd4 Nf6 5.Nc3 d6 6.Bg5 Bd7 7.Qd2 Rc8 8.O-O-O Nxd4
9.Qxd4 Qa5 10.Bxf6 gxf6 11.f4 Qc5 12.Qxc5 Rxc5 13.Bd3 h5 14.Rhe1 Rg8 15.g3 h4
16.Nd5 Bg7 17.Ne3 Bh6 18.Nd5 Be6 19.Rg1 Bxd5 20.b4 Rc4 21.exd5 Rxb4 22.c3 Rb6
23.Kc2 e6 24.a4 a5 25.gxh4 Rh8 26.f5 exd5 27.Bb5+ Kd8 28.Rg4 Be3 29.Rxd5 Bf2
30.Rd3 d5 31.Rxd5+ Kc7 32.Rd7+ Kb8 33.h5 Rxh5 34.Rg8+ Ka7 35.Rdd8 Rxb5 36.axb5 Rxf5
37.c4 Kb6 38.Rgf8 Kc5 39.Rd5+ Rxd5 40.cxd5 b6 41.Rxf7 Kxd5 42.Rxf6 Bd4 43.Rc6 Ke5
44.Kd3 Bg1 45.h4  1-0

[Event "Zagreb Open A"]
[Site "Zagreb CRO"]
[Date "2012.03.12"]
[Round "9.21"]
[White "Petrusic,T"]
[Black "Ivekovic,Bo2"]
[Result "1/2-1/2"]
[WhiteElo "2251"]
[BlackElo "2211"]

1.e4 c5 2.Nf3 d6 3.d4 cxd4 4.Nxd4 Nf6 5.Nc3 Nc6 6.Bg5 e6 7.f3 a6 8.Qd2 Be7
9.h4 h6 10.Be3 h5 11.O-O-O Bd7 12.Kb1  1/2-1/2

[Event "European Ind w Rapid 2012"]
[Site "Gaziantep TUR"]
[Date "2012.03.15"]
[Round "4"]
[White "Borosova,Z"]
[Black "Kashlinskaya,A"]
[Result "1/2-1/2"]
[WhiteElo "2302"]
[BlackElo "2377"]

1.e4 c5 2.Nf3 d6 3.d4 cxd4 4.Nxd4 Nf6 5.Nc3 Nc6 6.Bg5 e6 7.Qd2 a6 8.O-O-O Bd7
9.f4 b5 10.Bxf6 gxf6 11.Kb1 b4 12.Nce2 Qb6 13.Nxc6 Bxc6 14.f5 e5 15.Ng3 h5
16.h4 Qc5 17.Bd3 Bh6 18.Qe2 Qe3 19.Nxh5 Ke7 20.Qxe3 Bxe3 21.Rh3 Rxh5 22.g4 Rhh8
23.Rxe3 Rxh4 24.Rg3 a5 25.Rdg1 a4 26.Kc1 Rd8 27.b3 Ra8 28.R3g2 d5 29.exd5 Bxd5
30.Rg3 Rh2 31.g5 fxg5 32.Rxg5 axb3 33.axb3 e4 34.Bc4 Bxc4 35.bxc4 Rc8 36.c5 Kf6
37.R5g4 Rxc5 38.Rxe4 Rcxc2+ 39.Kb1 Rb2+ 40.Ka1 Kxf5 41.Rc4 b3 42.Rb4 Ra2+
43.Kb1 Rhb2+ 44.Kc1 Ke6 45.Re1+ Kd6 46.Rd1+ Kc5 47.Rbd4 Rc2+ 48.Kb1 Rc4 49.Rd7 f6
50.R7d6 Rf4 51.Rd8 Re2 52.Rc1+ Kb4 53.Rb8+ Ka3 54.Ra8+ Ra4 55.Rb8 f5 56.Rf1 f4
57.Rf8 b2 58.Rf3+ Re3 59.R3xf4  1/2-1/2

[Event "ch-CZE U20 2012"]
[Site "Kouty nad Desnou CZE"]
[Date "2012.03.15"]
[Round "8"]
[White "Seidl,S"]
[Black "Pecha,T"]
[Result "1/2-1/2"]
[WhiteElo "2123"]
[BlackElo "2260"]

1.e4 c5 2.Nf3 d6 3.d4 cxd4 4.Nxd4 Nf6 5.Nc3 Nc6 6.Bg5 e6 7.Qd2 h6 8.Bxf6 gxf6
9.O-O-O a6 10.f4 Bd7 11.Kb1 Qc7 12.Be2 h5 13.Rhf1 O-O-O 14.f5 Nxd4 15.Qxd4 Be7
16.Rf3 Kb8 17.Rh3 h4 18.Qf2 Qc5 19.Qe1 b5 20.a3 d5 21.exd5 exf5 22.Rxh4 Bd6
23.Rxh8 Rxh8 24.h4 a5 25.Qg1 b4 26.axb4 axb4 27.Nb5 Qxg1 28.Rxg1 Bxb5 29.Bxb5 Rxh4
30.Be2 Rd4 31.Bf3 Rd2 32.Re1 Be5 33.Re3 Kc7 34.Rb3 Bd6 35.c3 Kb6 36.Kc1 Rf2
37.cxb4 Kb5 38.Kb1 Bxb4 39.Re3 Bd6 40.Re8 Be5 41.Rc8  1/2-1/2

[Event "ch-CZE U20 2012"]
[Site "Kouty nad Desnou CZE"]
[Date "2012.03.15"]
[Round "8"]
[White "Bures,J"]
[Black "Rabatin,J"]
[Result "1-0"]
[WhiteElo "2405"]
[BlackElo "2159"]

1.e4 c5 2.Nf3 Nc6 3.d4 cxd4 4.Nxd4 Nf6 5.Nc3 d6 6.Bg5 e6 7.Qd2 h6 8.Bxf6 gxf6
9.O-O-O a6 10.f4 Bd7 11.Be2 h5 12.Rhf1 Qb6 13.Nb3 O-O-O 14.Kb1 Be7 15.Rf3 h4
16.a3 Rhg8 17.Bf1 f5 18.exf5 d5 19.fxe6 fxe6 20.Ne2 Be8 21.Qe3 Qxe3 22.Rxe3 e5
23.fxe5 Bg5 24.Rc3 Kb8 25.e6 Bh5 26.Re1 a5 27.a4 d4 28.Rxc6 bxc6 29.Nexd4 Kc7
30.e7 Rde8 31.Bc4 Rg6 32.Bf7 Rxe7 33.Rxe7+ Bxe7 34.Bxg6 Bxg6 35.Nxa5 Be4
36.g3 h3 37.Nc4 Kd7 38.Ne2 Bc5 39.Kc1 Bd5 40.b3 Bg2 41.Kd2 Ke6 42.Nf4+  1-0